<?xml version="1.0" encoding="UTF-8"?>
<collection xmlns="http://www.loc.gov/MARC21/slim">
 <record>
  <leader>01834nam a2200241Ia 4500</leader>
  <controlfield tag="001">TDMU_36954</controlfield>
  <controlfield tag="008">210410s9999    xx            000 0 und d</controlfield>
  <datafield tag="082" ind1=" " ind2=" ">
   <subfield code="a">428</subfield>
  </datafield>
  <datafield tag="090" ind1=" " ind2=" ">
   <subfield code="b">A110</subfield>
  </datafield>
  <datafield tag="100" ind1=" " ind2=" ">
   <subfield code="a">Atkinson, Kate</subfield>
  </datafield>
  <datafield tag="245" ind1=" " ind2="0">
   <subfield code="a">Chuỗi đời bất tận</subfield>
  </datafield>
  <datafield tag="245" ind1=" " ind2="0">
   <subfield code="b">Life after life :Tiểu thuyết</subfield>
  </datafield>
  <datafield tag="245" ind1=" " ind2="0">
   <subfield code="c">Kate Atkinson; Khánh Vân dịch</subfield>
  </datafield>
  <datafield tag="245" ind1=" " ind2="0">
   <subfield code="n">T.2</subfield>
  </datafield>
  <datafield tag="260" ind1=" " ind2=" ">
   <subfield code="a">H.</subfield>
  </datafield>
  <datafield tag="260" ind1=" " ind2=" ">
   <subfield code="b">Lao động</subfield>
  </datafield>
  <datafield tag="260" ind1=" " ind2=" ">
   <subfield code="c">2018</subfield>
  </datafield>
  <datafield tag="300" ind1=" " ind2=" ">
   <subfield code="a">359tr.</subfield>
  </datafield>
  <datafield tag="520" ind1=" " ind2=" ">
   <subfield code="a">Ngày 11 tháng 2 năm 1910, vào một đêm tuyết rơi lạnh giá, Ursula được sinh ra. Nhưng không may, cô bé bị dây rốn quấn quanh cổ và chết. Ngày 11 tháng 2 năm 1910, vào một đêm tuyết rơi lạnh giá, Ursula được sinh ra. Bác sĩ cắt dây rốn, cô bé được cứu sống. Nhưng năm bốn tuổi, cô bé lại bị rơi xuống biển và chết. Ngày 11 tháng 2 năm 1910, vào một đêm tuyết rơi lạnh giá, Ursula được sinh ra. Cô sống. Nhưng năm năm tuổi, cô bé lại bị rơi ra ngoài cửa sổ và chết. Ursula cứ sinh ra rồi chết đi, và lại sinh ra để được sống, cứ như vậy qua cuộc Chiến tranh Thế giới thứ Nhất, rồi Chiến tranh Thế giới thứ Hai. Chuỗi đời của Ursula dường như bất tận, cho đến một ngày, cô quyết định tự mình thay đổi thế giới...</subfield>
  </datafield>
  <datafield tag="650" ind1=" " ind2=" ">
   <subfield code="a">Văn học Anh</subfield>
   <subfield code="v">Tiểu thuyết; Tiểu thuyết Anh</subfield>
  </datafield>
  <datafield tag="700" ind1=" " ind2=" ">
   <subfield code="a">Khánh Vân</subfield>
  </datafield>
  <datafield tag="856" ind1=" " ind2=" ">
   <subfield code="u">http://lrc.tdmu.edu.vn/opac/search/detail.asp?aID=2&amp;ID=36954</subfield>
  </datafield>
  <datafield tag="980" ind1=" " ind2=" ">
   <subfield code="a">Trung tâm Học liệu Trường Đại học Thủ Dầu Một</subfield>
  </datafield>
 </record>
</collection>
<br />
<b>Notice</b>:  fwrite(): write of 437 bytes failed with errno=28 No space left on device in <b>C:\vufind\module\VuFind\src\VuFind\Session\File.php</b> on line <b>152</b><br />
Cannot write session to C:\Windows\TEMP\vufind_sessions/sess_74vcfanlddmucnjk2gjb2fe2mf
<br />
<b>Warning</b>:  session_write_close(): Failed to write session data using user defined save handler. (session.save_path: \xampp\tmp) in <b>C:\vufind\vendor\laminas\laminas-session\src\SessionManager.php</b> on line <b>235</b><br />
